[Event "Nezhmetdinov Memorial 39th"]
[Site "Kazan"]
[Date "2017.06.06"]
[Round "7"]
[White "Kharitonov, Egor"]
[Black "Rodionova, Daria"]
[Result "1-0"]
[WhiteElo "1878"]
[BlackElo "2148"]
[PlyCount "75"]
[EventDate "2017.05.31"]
[EventType "swiss"]
[EventRounds "9"]
[EventCountry "RUS"]
[SourceTitle "EXT 2018"]
[Source "ChessBase"]
[SourceDate "2017.10.13"]
[SourceVersion "1"]
[SourceVersionDate "2017.10.13"]
[SourceQuality "1"]

1. d4 Nf6 2. c4 g6 3. Nc3 d5 4. Nf3 Bg7 5. Bg5 Ne4 6. cxd5 Nxg5 7. Nxg5 e6 8. Qd2 h6 9. Nf3 exd5 10. e3 0-0 11. Be2 Be6 12. 0-0 Nd7 13. Rfd1 c6 14. Ne1 Qe7 15. Nd3 Kh7 16. Rac1 Rae8 17. b4 Nb6 18. Nc5 f5 19. Bd3 Nc4 20. Qc2 b6 21. Nxe6 Qxe6 22. Ne2 b5 23. Nf4 Qd6 24. g4 Rxe3 25. fxe3 Nxe3 26. Qf2 Nxg4 27. Qf3 Bxd4+ 28. Kg2 Be3 29. h3 Bxc1 30. Rxc1 Ne5 31. Qg3 g5 32. Nh5 Kh8 33. Rxc6 f4 34. Rxd6 fxg3 35. Rxh6+ Kg8 36. Bh7+ Kf7 37. Bf5 d4 38. Rf6+ 1-0

[Event "RUS-ch U20 (Girls)"]
[Site "Loo"]
[Date "2017.04.25"]
[Round "6"]
[White "Maltsevskaya, Aleksandra"]
[Black "Rodionova, Daria"]
[Result "0-1"]
[WhiteElo "2238"]
[BlackElo "2164"]
[PlyCount "116"]
[EventDate "2017.04.20"]
[EventType "tourn"]
[EventRounds "9"]
[EventCountry "RUS"]
[EventCategory "1"]
[SourceTitle "CBM 178 Extra"]
[Source "ChessBase"]
[SourceDate "2017.06.22"]
[SourceVersion "1"]
[SourceVersionDate "2017.06.22"]
[SourceQuality "1"]

1. e4 c5 2. Nf3 d6 3. d4 cxd4 4. Nxd4 Nf6 5. Nc3 a6 6. Qd3 e5 7. Nf5 h6 8. Ne3 Nbd7 9. Ned5 b5 10. g3 Nc5 11. Nxf6+ Qxf6 12. Qd1 Bb7 13. Bg2 Be7 14. Nd5 Bxd5 15. Qxd5 0-0 16. Be3 Rac8 17. c3 Qe6 18. Qd2 Qc4 19. b3 Qe6 20. 0-0 Rc6 21. Rac1 Rfc8 22. c4 b4 23. Ra1 Rb8 24. Rfb1 Bd8 25. Qc2 Bg5 26. Bxc5 Rxc5 27. a3 a5 28. axb4 Rxb4 29. Qc3 Bd8 30. Rd1 Bb6 31. Kh1 Rc6 32. Ra3 Qc8 33. f4 Bd4 34. Qf3 Rc5 35. Rf1 Qb7 36. fxe5 dxe5 37. Rd1 Qb6 38. h4 Bb2 39. Rd7 Qf6 40. Ra2 Qxf3 41. Bxf3 Rxb3 42. Bd1 Rb4 43. Rd5 Rcxc4 44. Rd8+ Kh7 45. Rxa5 Rc1 46. Rd3 Rxe4 47. Kg2 Re1 48. Bb3 e4 49. Rd8 Rg1+ 50. Kh2 Rh1+ 51. Kg2 Rhg1+ 52. Kh2 Rgf1 53. Re8 Rf2+ 54. Kh3 Rh1+ 55. Kg4 g6 56. Bxf7 Rxf7 57. h5 gxh5+ 58. Rxh5 Rg7+ 0-1

[Event "RUS-ch U20 (Girls)"]
[Site "Loo"]
[Date "2017.04.21"]
[Round "2"]
[White "Rodionova, Daria"]
[Black "Dimitrova, Aleksandra"]
[Result "0-1"]
[WhiteElo "2164"]
[BlackElo "2246"]
[PlyCount "96"]
[EventDate "2017.04.20"]
[EventType "tourn"]
[EventRounds "9"]
[EventCountry "RUS"]
[EventCategory "1"]
[SourceTitle "CBM 178 Extra"]
[Source "ChessBase"]
[SourceDate "2017.06.22"]
[SourceVersion "1"]
[SourceVersionDate "2017.06.22"]
[SourceQuality "1"]

1. e4 c5 2. Nf3 e6 3. d4 cxd4 4. Nxd4 a6 5. Bd3 Bc5 6. Nb3 Be7 7. Qg4 Bf6 8. Qg3 Nc6 9. N1d2 d5 10. exd5 exd5 11. 0-0 Nge7 12. Nf3 0-0 13. c3 Nf5 14. Qf4 Nce7 15. Rd1 Ng6 16. Qd2 Re8 17. Bxf5 Bxf5 18. Qxd5 Qxd5 19. Rxd5 Nh4 20. Nbd2 Bg4 21. Kf1 Be6 22. Rd3 Nxf3 23. Rxf3 Bg4 24. Re3 Rxe3 25. fxe3 Rd8 26. Kf2 Bh4+ 27. g3 Be7 28. Nb3 Rd3 29. Bd2 a5 30. Ke1 Rd5 31. c4 Rh5 32. h4 Bd6 33. Kf2 Rf5+ 34. Kg2 Rf3 35. Be1 a4 36. Nd4 Rxe3 37. Bf2 Rd3 38. Re1 h5 39. Nb5 Bb4 40. Re8+ Kh7 41. a3 Bd2 42. Re7 Kg6 43. Nd4 b6 44. Ne2 Rb3 45. Bd4 Be6 46. Rc7 Kf5 47. Bxg7 Kg4 48. Be5 Re3 0-1

[Event "RUS-ch U20 (Girls)"]
[Site "Loo"]
[Date "2017.04.20"]
[Round "1"]
[White "Bykova, Anastasia"]
[Black "Rodionova, Daria"]
[Result "1-0"]
[WhiteElo "2241"]
[BlackElo "2164"]
[PlyCount "75"]
[EventDate "2017.04.20"]
[EventType "tourn"]
[EventRounds "9"]
[EventCountry "RUS"]
[EventCategory "1"]
[SourceTitle "CBM 178 Extra"]
[Source "ChessBase"]
[SourceDate "2017.06.22"]
[SourceVersion "1"]
[SourceVersionDate "2017.06.22"]
[SourceQuality "1"]

1. d4 Nf6 2. Nf3 g6 3. g3 Bg7 4. Bg2 d5 5. 0-0 0-0 6. c4 dxc4 7. Ne5 Nbd7 8. Nxc4 c5 9. Nc3 Nb6 10. Nxb6 axb6 11. dxc5 bxc5 12. Qxd8 Rxd8 13. Be3 c4 14. Bc5 Bf8 15. Rfd1 Rd7 16. a3 e5 17. Bxf8 Kxf8 18. Rxd7 Nxd7 19. Rd1 Rb8 20. Nb5 Nc5 21. Rd8+ Ke7 22. Rh8 Ne6 23. Rxh7 Bd7 24. Nc3 Ng5 25. Rh4 b5 26. f4 exf4 27. Rxf4 Bh3 28. Rd4 Bxg2 29. Kxg2 Ne6 30. Rd5 Nc7 31. Rd4 Ne6 32. Rd1 Nc5 33. Rd5 Na4 34. Rxb5 Rxb5 35. Nxb5 Kd7 36. Nc3 Nxb2 37. Kf3 Kd6 38. Ke3 1-0

[Event "EU-ch U18 Girls 26th"]
[Site "Prague"]
[Date "2016.08.26"]
[Round "8"]
[White "Rodionova, Daria"]
[Black "Keetman, Maaike"]
[Result "1/2-1/2"]
[WhiteElo "2279"]
[BlackElo "2101"]
[PlyCount "71"]
[EventDate "2016.08.18"]
[EventType "swiss"]
[EventRounds "9"]
[EventCountry "CZE"]
[SourceTitle "CBM 174 Extra"]
[Source "ChessBase"]
[SourceDate "2016.10.10"]
[SourceVersion "1"]
[SourceVersionDate "2016.10.10"]
[SourceQuality "1"]

1. e4 c5 2. Nf3 e6 3. d4 cxd4 4. Nxd4 Nc6 5. Nc3 Qc7 6. Be3 a6 7. Qf3 Ne5 8. Qg3 h5 9. f4 h4 10. Qh3 Nc4 11. Bxc4 Qxc4 12. 0-0-0 b5 13. Nb3 Qc7 14. Rhe1 Bb7 15. e5 Rc8 16. Rd2 Be7 17. Red1 Bc6 18. Nd4 b4 19. Nce2 Bd5 20. Kb1 f6 21. Qg4 Kf7 22. f5 fxe5 23. Qg6+ Kf8 24. fxe6 dxe6 25. Nxe6+ Bxe6 26. Qxe6 Nf6 27. Bg5 Rh5 28. Bxf6 gxf6 29. Rd7 Qxc2+ 30. Ka1 Rh7 31. Rf1 Qxe2 32. Rxf6+ Bxf6 33. Qxf6+ Ke8 34. Qe6+ Kf8 35. Qf6+ Ke8 36. Qe6+ 1/2-1/2

[Event "RUS-ch Higher League (Women) 65th"]
[Site "Kaliningrad"]
[Date "2015.06.25"]
[Round "4"]
[White "Rodionova, Daria"]
[Black "Vasilevich, Tatjana"]
[Result "1/2-1/2"]
[WhiteElo "2223"]
[BlackElo "2397"]
[PlyCount "98"]
[EventDate "2015.06.22"]
[EventType "swiss"]
[EventRounds "9"]
[EventCountry "RUS"]
[SourceTitle "CBM 167 Extra"]
[Source "ChessBase"]
[SourceDate "2015.09.14"]
[SourceVersion "1"]
[SourceVersionDate "2015.09.14"]
[SourceQuality "1"]

1. e4 c5 2. Nf3 a6 3. c4 Nc6 4. d4 cxd4 5. Nxd4 Nf6 6. Nc3 e5 7. Nc2 h6 8. a3 Bc5 9. Be3 Bxe3 10. Nxe3 d6 11. Qd3 0-0 12. Rd1 Qa5 13. Be2 Be6 14. 0-0 Rac8 15. Nc2 Rfd8 16. Nd5 Bxd5 17. cxd5 Na7 18. Ne3 Qa4 19. Nc4 Qe8 20. Rc1 Nb5 21. Nb6 Rxc1 22. Rxc1 Nd7 23. Nxd7 Qxd7 24. h3 Rc8 25. Rc4 Rc5 26. b4 Rxc4 27. Qxc4 Nxa3 28. Qc3 Nb5 29. Bxb5 axb5 30. f3 g6 31. Kh2 Qd8 32. Qd3 Qb6 33. Kg3 Kg7 34. Kh2 Qa6 35. Qc3 Qa4 36. Qd2 Qb3 37. Kg3 Qc4 38. Kh2 f5 39. Qe1 g5 40. Kg1 Kf6 41. Kh2 h5 42. g4 hxg4 43. hxg4 Qc2+ 44. Kg1 fxg4 45. fxg4 Kg6 46. Kh1 Kg7 47. Kg1 Kg6 48. Kh1 Kg7 49. Kg1 Kg6 1/2-1/2

[Event "Novokuznetsk SFO-ch U19 Girls"]
[Site "Novokuznetsk"]
[Date "2014.11.09"]
[Round "8"]
[White "Piskunova, Maria"]
[Black "Rodionova, Daria"]
[Result "0-1"]
[WhiteElo "1847"]
[BlackElo "2093"]
[PlyCount "38"]
[EventDate "2014.11.02"]
[EventType "swiss"]
[EventRounds "9"]
[EventCountry "RUS"]
[SourceTitle "CBM 163 Extra"]
[Source "ChessBase"]
[SourceDate "2014.12.23"]
[SourceVersion "1"]
[SourceVersionDate "2014.12.23"]
[SourceQuality "1"]

1. e4 c5 2. Nf3 Nc6 3. d4 cxd4 4. Nxd4 e6 5. Be3 Qc7 6. g3 a6 7. Bg2 b5 8. 0-0 Bb7 9. a4 b4 10. c3 Nf6 11. cxb4 Bxb4 12. Nd2 Rc8 13. Rc1 Qb8 14. Nc4 0-0 15. e5 Nxe5 16. Bxb7 Rxc4 17. Bxa6 Rxc1 18. Bxc1 Qa7 19. Bb5 Qxd4 0-1

[Event "Novokuznetsk SFO-ch U19 Girls"]
[Site "Novokuznetsk"]
[Date "2014.11.08"]
[Round "7"]
[White "Rodionova, Daria"]
[Black "Staritsina, Elizaveta"]
[Result "1-0"]
[WhiteElo "2093"]
[BlackElo "1885"]
[PlyCount "71"]
[EventDate "2014.11.02"]
[EventType "swiss"]
[EventRounds "9"]
[EventCountry "RUS"]
[SourceTitle "CBM 163 Extra"]
[Source "ChessBase"]
[SourceDate "2014.12.23"]
[SourceVersion "1"]
[SourceVersionDate "2014.12.23"]
[SourceQuality "1"]

1. e4 d5 2. exd5 Qxd5 3. Nc3 Qd6 4. d4 Nf6 5. Nf3 c6 6. g3 Be6 7. Bf4 Qb4 8. a3 Qb6 9. b3 Nbd7 10. Bg2 h6 11. 0-0 g5 12. Be5 0-0-0 13. Na4 Qa6 14. Re1 g4 15. Nd2 Nxe5 16. Nc5 Qb6 17. Nxe6 fxe6 18. dxe5 Nh7 19. Nc4 Qd4 20. Nd6+ Rxd6 21. exd6 Qxd6 22. Qxg4 Nf6 23. Qxe6+ Qxe6 24. Rxe6 Kc7 25. c4 Nd7 26. Rd1 Nc5 27. Re3 Rh7 28. Bh3 e5 29. b4 Na4 30. Rxe5 h5 31. Re8 Bh6 32. Rc8+ Kb6 33. c5+ Ka6 34. Bf1+ b5 35. Rxc6+ Kb7 36. Bg2 1-0

[Event "Novokuznetsk SFO-ch U19 Girls"]
[Site "Novokuznetsk"]
[Date "2014.11.07"]
[Round "6"]
[White "Anufrienko, Daria"]
[Black "Rodionova, Daria"]
[Result "0-1"]
[WhiteElo "2088"]
[BlackElo "2093"]
[PlyCount "88"]
[EventDate "2014.11.02"]
[EventType "swiss"]
[EventRounds "9"]
[EventCountry "RUS"]
[SourceTitle "CBM 163 Extra"]
[Source "ChessBase"]
[SourceDate "2014.12.23"]
[SourceVersion "1"]
[SourceVersionDate "2014.12.23"]
[SourceQuality "1"]

1. e4 c5 2. c3 Nf6 3. e5 Nd5 4. d4 cxd4 5. Nf3 d6 6. cxd4 Nc6 7. Bc4 dxe5 8. dxe5 Ndb4 9. Qb3 e6 10. 0-0 Na5 11. Bb5+ Bd7 12. Qa4 Bxb5 13. Qxb5+ Nac6 14. Nc3 a6 15. Qe2 Qd3 16. Rd1 Qxe2 17. Nxe2 Rd8 18. Rxd8+ Kxd8 19. Nf4 Bc5 20. Bd2 Ke7 21. a3 Nd5 22. Nxd5+ exd5 23. b4 Bb6 24. Rb1 Nd4 25. Be3 Nxf3+ 26. gxf3 d4 27. Bd2 Rc8 28. Kf1 Rc2 29. Ke2 Ra2 30. Rb3 a5 31. b5 a4 32. Rd3 Bc5 33. f4 Ke6 34. Rg3 g6 35. f5+ Kxe5 36. fxg6 hxg6 37. Rg5+ Kd6 38. Kd3 Rxa3+ 39. Kc4 b6 40. Bf4+ Ke6 41. Re5+ Kf6 42. Kd5 Rf3 43. Bg3 Rf5 44. Kc4 Rxe5 0-1

[Event "Novokuznetsk SFO-ch U19 Girls"]
[Site "Novokuznetsk"]
[Date "2014.11.06"]
[Round "5"]
[White "Rodionova, Daria"]
[Black "Bogachkova, Alena"]
[Result "1-0"]
[WhiteElo "2093"]
[BlackElo "2118"]
[PlyCount "83"]
[EventDate "2014.11.02"]
[EventType "swiss"]
[EventRounds "9"]
[EventCountry "RUS"]
[SourceTitle "CBM 163 Extra"]
[Source "ChessBase"]
[SourceDate "2014.12.23"]
[SourceVersion "1"]
[SourceVersionDate "2014.12.23"]
[SourceQuality "1"]

1. e4 e6 2. d4 d5 3. e5 c5 4. c3 Nc6 5. Nf3 Bd7 6. Be3 Nge7 7. dxc5 Ng6 8. Bd4 Qb8 9. Qe2 Be7 10. g3 f6 11. exf6 gxf6 12. Bh3 e5 13. Bxd7+ Kxd7 14. Be3 e4 15. Nd4 Nge5 16. Qh5 Nd3+ 17. Kf1 Qe5 18. Qh3+ Ke8 19. Bf4 Nxf4 20. gxf4 Qxf4 21. Qh5+ Kd7 22. Qxd5+ Ke8 23. Nxc6 bxc6 24. Qxc6+ Kf7 25. Qd5+ Kg7 26. Rg1+ Kh6 27. Qd2 e3 28. Qxe3 Qxe3 29. fxe3 Bxc5 30. Rg3 Rhe8 31. Ke2 f5 32. Nd2 f4 33. Rh3+ Kg5 34. Rg1+ Kf6 35. Nf1 Rab8 36. b3 fxe3 37. Rh6+ Kf7 38. Rxh7+ Kf6 39. Rh3 Rh8 40. Rgg3 Rxh3 41. Rxh3 Rc8 42. Nxe3 1-0

[Event "RUS-chT U20"]
[Site "Kolomna"]
[Date "2014.08.08"]
[Round "7"]
[White "Rodionova, Daria"]
[Black "Kiseleva, Arina"]
[Result "1-0"]
[WhiteElo "2083"]
[BlackElo "2008"]
[PlyCount "57"]
[EventDate "2014.08.02"]
[EventType "swiss"]
[EventRounds "9"]
[EventCountry "RUS"]
[SourceTitle "EXT 2016"]
[Source "ChessBase"]
[SourceDate "2015.10.08"]
[SourceVersion "1"]
[SourceVersionDate "2015.10.08"]
[SourceQuality "1"]

1. e4 c6 2. d4 d5 3. Nc3 dxe4 4. Nxe4 Bf5 5. Ng3 Bg6 6. h4 h6 7. Nf3 Nd7 8. h5 Bh7 9. Bd3 Bxd3 10. Qxd3 e6 11. Bd2 Ngf6 12. 0-0-0 Be7 13. Kb1 b5 14. Ne4 Rc8 15. Nxf6+ Nxf6 16. Ne5 0-0 17. g4 Qd5 18. g5 hxg5 19. h6 c5 20. hxg7 Kxg7 21. Bxg5 Rh8 22. Bh6+ Rxh6 23. Rdg1+ Kf8 24. Rxh6 Ke8 25. Rh8+ Bf8 26. Rg7 c4 27. Rxf7 Kd8 28. Rhxf8+ Ne8 29. Qh3 1-0

[Event "RUS-chT U20"]
[Site "Kolomna"]
[Date "2014.08.07"]
[Round "6"]
[White "Alieva, Alexandra"]
[Black "Rodionova, Daria"]
[Result "0-1"]
[WhiteElo "1945"]
[BlackElo "2083"]
[PlyCount "56"]
[EventDate "2014.08.02"]
[EventType "swiss"]
[EventRounds "9"]
[EventCountry "RUS"]
[SourceTitle "EXT 2016"]
[Source "ChessBase"]
[SourceDate "2015.10.08"]
[SourceVersion "1"]
[SourceVersionDate "2015.10.08"]
[SourceQuality "1"]

1. e4 c5 2. Nf3 Nc6 3. Bb5 e6 4. Bxc6 bxc6 5. b3 Ne7 6. Bb2 Ng6 7. 0-0 d5 8. Qe2 f6 9. d4 Qc7 10. Nc3 Nf4 11. Qe3 cxd4 12. Nxd4 e5 13. exd5 cxd5 14. Ndb5 Qb7 15. Qf3 a6 16. Rfe1 Kf7 17. Na3 h5 18. Bc1 Bg4 19. Qg3 g5 20. h3 Bf5 21. Nab1 d4 22. Ne2 h4 23. Qh2 Bxc2 24. Na3 Bxa3 25. Bxa3 d3 26. Nxf4 gxf4 27. Bc1 Qb4 28. Bb2 d2 0-1

[Event "EU-ch U16 Girls 23rd"]
[Site "Budva"]
[Date "2013.10.07"]
[Round "8"]
[White "Rodionova, Daria"]
[Black "Ghukasyan, Siranush"]
[Result "1/2-1/2"]
[WhiteElo "2117"]
[BlackElo "1908"]
[PlyCount "122"]
[EventDate "2013.09.29"]
[EventType "swiss"]
[EventRounds "9"]
[EventCountry "MNE"]
[SourceTitle "EXT 2014"]
[Source "ChessBase"]
[SourceDate "2013.11.20"]
[SourceVersion "1"]
[SourceVersionDate "2013.11.20"]
[SourceQuality "1"]

1. e4 e5 2. Nf3 Nc6 3. Bb5 a6 4. Ba4 Nf6 5. 0-0 Be7 6. Re1 b5 7. Bb3 d6 8. c3 0-0 9. h3 Nb8 10. d4 Nbd7 11. Nbd2 Bb7 12. Bc2 Re8 13. Nf1 Bf8 14. Ng3 g6 15. a4 c5 16. d5 c4 17. Bg5 h6 18. Be3 Nc5 19. Qd2 h5 20. Bg5 Be7 21. Ra3 Nfd7 22. Be3 Bf6 23. Ne2 Bg7 24. Rea1 Qc7 25. Nc1 Nb6 26. Bxc5 Qxc5 27. b4 cxb3 28. Nxb3 Qc7 29. Na5 Bc8 30. axb5 axb5 31. c4 bxc4 32. Qb4 Bd7 33. Nxc4 Rxa3 34. Nxa3 Nxd5 35. Qb3 Nf4 36. Ng5 Ne6 37. Nxe6 Bxe6 38. Qa4 Rc8 39. Bb3 Qc3 40. Rb1 Bxb3 41. Qxb3 Qxb3 42. Rxb3 Rc1+ 43. Kh2 Re1 44. Nc4 Rxe4 45. Nxd6 Re2 46. Kg1 Re1+ 47. Kh2 e4 48. Rb8+ Bf8 49. g4 hxg4 50. hxg4 Kg7 51. Ne8+ Kh6 52. Rb7 e3 53. fxe3 Rxe3 54. Nf6 Bd6+ 55. Kg2 Kg7 56. Rb6 Kxf6 57. Rxd6+ Kg5 58. Rd4 Ra3 59. Kf2 Ra2+ 60. Kg3 f5 61. gxf5 gxf5 1/2-1/2

[Event "EU-ch U16 Girls 23rd"]
[Site "Budva"]
[Date "2013.10.06"]
[Round "7"]
[White "Hincu, Olga"]
[Black "Rodionova, Daria"]
[Result "1-0"]
[WhiteElo "1991"]
[BlackElo "2117"]
[PlyCount "85"]
[EventDate "2013.09.29"]
[EventType "swiss"]
[EventRounds "9"]
[EventCountry "MNE"]
[SourceTitle "EXT 2014"]
[Source "ChessBase"]
[SourceDate "2013.11.20"]
[SourceVersion "1"]
[SourceVersionDate "2013.11.20"]
[SourceQuality "1"]

1. d4 Nf6 2. Nf3 g6 3. Nbd2 d6 4. e4 c5 5. c3 Bg7 6. Bd3 0-0 7. 0-0 Qc7 8. Re1 Rd8 9. Qe2 e5 10. dxe5 dxe5 11. Nc4 Nh5 12. a4 b6 13. h3 Nd7 14. g4 Nhf6 15. Bg5 Bb7 16. Rad1 Re8 17. Qe3 a6 18. Bc2 Re6 19. Qd2 Bc6 20. Nd6 Bf8 21. Nc4 b5 22. Ncxe5 Nxe5 23. Nxe5 Rxe5 24. Bxf6 Re6 25. Bd8 Qb7 26. axb5 axb5 27. Qf4 Rc8 28. f3 Bg7 29. Kg2 Be5 30. Qe3 Qb8 31. Bh4 Bf4 32. Qf2 Qe5 33. Bg3 Rf6 34. Bxf4 Rxf4 35. Qg3 h6 36. Ra1 c4 37. Red1 Kg7 38. Qf2 b4 39. Qd4 Qxd4 40. Rxd4 b3 41. Bd1 Bb5 42. Ra5 Rb8 43. Be2 1-0

[Event "EU-ch U16 Girls 23rd"]
[Site "Budva"]
[Date "2013.10.03"]
[Round "5"]
[White "Styazhkina, Anna"]
[Black "Rodionova, Daria"]
[Result "1/2-1/2"]
[WhiteElo "2244"]
[BlackElo "2117"]
[PlyCount "87"]
[EventDate "2013.09.29"]
[EventType "swiss"]
[EventRounds "9"]
[EventCountry "MNE"]
[SourceTitle "EXT 2014"]
[Source "ChessBase"]
[SourceDate "2013.11.20"]
[SourceVersion "1"]
[SourceVersionDate "2013.11.20"]
[SourceQuality "1"]

1. e4 c5 2. Nf3 Nc6 3. Bb5 e6 4. 0-0 Nge7 5. c3 a6 6. Be2 d5 7. exd5 Qxd5 8. d4 Nf5 9. c4 Qd8 10. dxc5 Bxc5 11. Qxd8+ Kxd8 12. Nc3 b6 13. a3 Ke7 14. b4 Bd4 15. Bb2 Bf6 16. Bd3 Ncd4 17. Be4 Ra7 18. Rfe1 Kd8 19. Nxd4 Nxd4 20. Na4 Kc7 21. c5 b5 22. Nc3 Bb7 23. Rad1 Rd8 24. Kf1 Bc6 25. Bc1 Bxe4 26. Nxe4 Kc6 27. Rd3 Rad7 28. Red1 e5 29. Bb2 Be7 30. f4 f6 31. Nf2 h5 32. Bxd4 exd4 33. Ke2 f5 34. Rh3 h4 35. Nd3 Bf6 36. Kd2 Re7 37. Re1 Re4 38. Rf3 Rde8 39. Rff1 Kd5 40. Nf2 Re3 41. g4 hxg3 42. hxg3 R8e7 43. Nd3 R3e4 44. Rg1 1/2-1/2

[Event "Split op 3rd"]
[Site "Split"]
[Date "2013.08.18"]
[Round "9"]
[White "Rodionova, Daria"]
[Black "Srbis, Jurica"]
[Result "0-1"]
[WhiteElo "2112"]
[BlackElo "2368"]
[PlyCount "106"]
[EventDate "2013.08.10"]
[EventType "swiss"]
[EventRounds "9"]
[EventCountry "CRO"]
[SourceTitle "CBM 155 Extra"]
[Source "ChessBase"]
[SourceDate "2013.08.26"]
[SourceVersion "1"]
[SourceVersionDate "2013.08.26"]
[SourceQuality "1"]

1. e4 c5 2. Nf3 Nc6 3. d4 cxd4 4. Nxd4 g6 5. c4 Bg7 6. Be3 Nf6 7. Nc3 d6 8. Be2 0-0 9. Qd2 Bd7 10. 0-0 Nxd4 11. Bxd4 a5 12. Qe3 Bc6 13. Nd5 Nd7 14. Bxg7 Kxg7 15. Rad1 Bxd5 16. exd5 Qb6 17. Qc3+ Kg8 18. Rfe1 Qb4 19. Qd4 a4 20. Bf1 Rfe8 21. Re3 Qb6 22. Qc3 Rac8 23. Rde1 Nf6 24. Qd2 Qc7 25. h3 b5 26. b3 bxc4 27. Bxc4 Qb7 28. Qe2 Qb6 29. Rd1 axb3 30. axb3 Rc7 31. Ra1 Qc5 32. Qd2 Ra7 33. Rxa7 Qxa7 34. Bb5 Rc8 35. b4 Qb6 36. Bc6 e6 37. Rf3 exd5 38. b5 Kg7 39. Qf4 Qd8 40. Qd4 Qe7 41. Re3 Qd8 42. Bxd5 Rc5 43. Bc6 Qb6 44. Qxd6 Rxb5 45. Rf3 Rb1+ 46. Kh2 Qb2 47. Qe7 Qa1 48. Rd3 Rh1+ 49. Kg3 Nh5+ 50. Kf3 Re1 51. Qd8 Re6 52. Qd4+ Qxd4 53. Rxd4 Rxc6 0-1

[Event "RUS-ch Higher League (Women) 63rd"]
[Site "Ekaterinburg"]
[Date "2013.06.22"]
[Round "3"]
[White "Charochkina, Daria"]
[Black "Rodionova, Daria"]
[Result "1-0"]
[WhiteElo "2326"]
[BlackElo "2109"]
[PlyCount "91"]
[EventDate "2013.06.20"]
[EventType "swiss"]
[EventRounds "9"]
[EventCountry "RUS"]
[SourceTitle "CBM 155 Extra"]
[Source "ChessBase"]
[SourceDate "2013.08.26"]
[SourceVersion "1"]
[SourceVersionDate "2013.08.26"]
[SourceQuality "1"]

1. e4 c5 2. Nf3 Nc6 3. Bb5 e6 4. 0-0 Nge7 5. c3 d5 6. exd5 Qxd5 7. Qe2 Nf5 8. Rd1 Nd6 9. Bd3 Be7 10. Bc2 e5 11. d3 Qe6 12. Bb3 Qg4 13. Bd5 Bd7 14. Be3 b6 15. Nbd2 Rc8 16. Ne4 0-0 17. h3 Qg6 18. Bxc6 Bxc6 19. Nxe5 Qe6 20. Nxc6 Rxc6 21. Qf3 Nxe4 22. dxe4 Rd6 23. Rd5 Rdd8 24. Rad1 Bf6 25. Bf4 Rfe8 26. e5 Be7 27. c4 h6 28. Qa3 a5 29. Qa4 Qc8 30. Rd7 Bf8 31. h4 g6 32. Bg3 Bg7 33. f4 Bf8 34. R1d5 Be7 35. Qd1 Rxd7 36. Rxd7 Rd8 37. Rd5 Qa8 38. h5 Qc8 39. Qd3 Kg7 40. hxg6 fxg6 41. e6 Rxd5 42. cxd5 c4 43. Qd4+ Kh7 44. d6 Qd8 45. f5 gxf5 46. Qe5 1-0

[Event "RUS-ch Higher League (Women) 63rd"]
[Site "Ekaterinburg"]
[Date "2013.06.21"]
[Round "2"]
[White "Monina, Polina"]
[Black "Rodionova, Daria"]
[Result "0-1"]
[WhiteElo "1958"]
[BlackElo "2109"]
[PlyCount "88"]
[EventDate "2013.06.20"]
[EventType "swiss"]
[EventRounds "9"]
[EventCountry "RUS"]
[SourceTitle "CBM 155 Extra"]
[Source "ChessBase"]
[SourceDate "2013.08.26"]
[SourceVersion "1"]
[SourceVersionDate "2013.08.26"]
[SourceQuality "1"]

1. d4 Nf6 2. Bg5 d5 3. e3 c6 4. Bd3 g6 5. Bxf6 exf6 6. c3 f5 7. Ne2 Bd6 8. h4 h5 9. Nd2 Nd7 10. Nf3 Qe7 11. Qc2 Nf6 12. Ng5 Ng4 13. g3 0-0 14. Nh3 Re8 15. 0-0 b6 16. Nef4 Kg7 17. Ng2 c5 18. Rfe1 c4 19. Be2 Nf6 20. Bf3 Ne4 21. Ngf4 Bb7 22. a4 a6 23. Rec1 Bc6 24. Bxe4 fxe4 25. b4 f6 26. Kh2 g5 27. Ng2 Bd7 28. Rh1 Bg4 29. Ng1 Qd7 30. Ne2 Bf3 31. Kg1 Qg4 32. Kf1 Qf5 33. Kg1 Rg8 34. Rh2 Kf7 35. Ra2 Rg7 36. Ra1 Qg4 37. Kf1 Bxg2+ 38. Kxg2 gxh4 39. Nf4 hxg3 40. fxg3 Bxf4 41. exf4 Qf3+ 42. Kg1 Rxg3+ 43. Rg2 Rxg2+ 44. Qxg2 Rg8 0-1

[Event "SibFO-ch op (Women)"]
[Site "Novokuznetsk"]
[Date "2013.03.25"]
[Round "5"]
[White "Rodionova, Daria"]
[Black "Trapeznikova, Darya"]
[Result "1/2-1/2"]
[WhiteElo "2084"]
[BlackElo "2074"]
[PlyCount "128"]
[EventDate "2013.03.21"]
[EventType "swiss"]
[EventRounds "9"]
[EventCountry "RUS"]
[SourceTitle "CBM 153 Extra"]
[Source "ChessBase"]
[SourceDate "2013.04.22"]
[SourceVersion "1"]
[SourceVersionDate "2013.04.22"]
[SourceQuality "1"]

1. e4 e5 2. Nf3 Nc6 3. Bb5 a6 4. Ba4 Nf6 5. 0-0 b5 6. Bb3 Bb7 7. c3 Nxe4 8. Re1 Nc5 9. Nxe5 Nxe5 10. Rxe5+ Ne6 11. d4 Bd6 12. Rh5 Qe7 13. d5 Nc5 14. Be3 0-0-0 15. a4 g6 16. Rh3 f5 17. Nd2 g5 18. axb5 axb5 19. Rh6 g4 20. Nf1 Qf8 21. Bg5 Qg7 22. Rh5 Qg6 23. Bxd8 Rxd8 24. Rh4 Be7 25. g3 Bxh4 26. gxh4 h5 27. Bc2 Qf7 28. b4 Ne4 29. Bxe4 fxe4 30. Ne3 Rf8 31. Qd2 Qe7 32. Ra5 Rf3 33. d6 Qe5 34. Nc4 Qxc3 35. Qxc3 Rxc3 36. Ne3 Bc6 37. dxc7 Kxc7 38. Ra1 Rb3 39. Nc2 Rb2 40. Rc1 Kd6 41. Kf1 Ke5 42. Ke1 Bd5 43. Ne3 Bc4 44. Nxc4+ bxc4 45. Rxc4 d5 46. Rc8 Rxb4 47. Rh8 Kd4 48. Rxh5 Rb1+ 49. Ke2 Rh1 50. Rg5 Rxh2 51. Rxg4 Rh3 52. Rf4 Kc3 53. Rf5 d4 54. Rc5+ Kb4 55. Re5 Rxh4 56. Re8 Rf4 57. Rd8 Kc5 58. Rc8+ Kb4 59. Rd8 d3+ 60. Ke3 Rh4 61. f3 Kc3 62. Rc8+ Kb2 63. fxe4 d2 64. Kxd2 Rxe4 1/2-1/2